MDQL
is popping MORE tags! Check the
thread
!
Quizzes
Events
Quiz Creation
Community
Videos
Private Events
Remove Ads
Sign In
Join for FREE
Feedback
Dark Mode
Quiz Categories
Sports
Geography
Music
Movies
Television
Just For Fun
Miscellaneous
History
Literature
Language
Science
Gaming
Entertainment
Religion
Holiday
For Kids
Quiz Lab
Recent
Popular Today
Quiz Kudos Today
Editor Picks
Curator Picks
Quizzes by...
Day
Popularity
Type
Ratings
Length
Year
Community
Subscriptions
Recent Discussions
Orange Saloon
Badges
Playlists
Quests
Create
Leaderboards
Showdown
Live 5
Trivia Bingo
Activity
Puzzle Library
Sporcle Events
Private Events
Virtual Trivia
Globe League
Become a Host
Pub Owners
SporcleCon
Opinionation
Our Games
Videos
Blog
Mobile Apps
Partnerships
Remove Ads and Go Orange
Feedback
Movies
Disney
Marvel Cinematic Universe
Movie Resume
Movie Titles
Oscar
Actor
Actress
Director
Pixar
Role
Movie Quotes
Movie Characters
Box Office
Nominee
Best Picture
Star Wars
James Bond
Horror Movies
Movies
Disney
Marvel Cinematic Universe
Movie Resume
Movie Titles
Oscar
Actor
Actress
Director
Pixar
Role
Movie Quotes
Movie Characters
Box Office
Nominee
Best Picture
Star Wars
James Bond
Horror Movies
Random Quiz
Search Sporcle
×
Curator Pick
Curator Pick
Movies
Movie Quotes
Select answers by clicking on text or image buttons
Select answers by clicking on text or image buttons
Clickable
Best Score? Go Orange.
Follow That Line: Little Miss Sunshine Stats
Can you pick the line that comes after the dialogue from Little Miss Sunshine?
By
purplekoala
8m
25 Questions
600 Plays
600 Plays
600 Plays
Comments
Comments
Give Quiz Kudos
Give Quiz Kudos
-
- Ratings
hide this ad
Forced Order
Answers have to be entered in order
Answers have to be entered in order
Replay
Link that replays current quiz
Next Quiz
Link to next quiz in quiz playlist
You Got
0%
They Got
Avg Score
87%
Avg Friend Score
Upgrade to see
Score Distribution
Jump to the score distribution portion of the page
Score
0/25
Timer
08:00
0
Plays Today
% Correct
In the trunk of our car.
94.3%
Everyone, just... pretend to be normal.
94.2%
Yes. My favorite is Chocolate Cherry Garcia.
93.8%
No, you're not my family! I don't wanna be your family! I hate you f**king people!
93.2%
Grandpa won't wake up.
93.2%
I mean, high school? High school, those are your prime suffering years. You don't get better suffering than that.
93%
Just tell me where the dressing rooms are!
93%
She's kickin' a**, that's what she's doing.
93%
I think we can live with that.
92.3%
I fell in love with someone who didn't love me back.
92.2%
That would be me, Rich.
92%
Are you kidding me? It was a f**king paradise.
92%
No! I'm madly in love with you and it's not because of your brains or your personality.
91.5%
% Correct
Life is one f**king beauty contest after another.
90.8%
If I want to fly, I'll find a way to fly. You do what you love, and f**k the rest.
89.8%
Politics.
88.2%
Wow, Richard, you've really opened my eyes to what a loser I am. How much do I owe you for those pearls of wisdom?
88%
I know, but what do you think?
87.5%
I'll tell you when I regain consciousness.
85.5%
Yeah, we're all with ya on that one, Dwayne.
83.8%
Well, that makes one of us.
80.5%
That's silly.
76.5%
Thanks Dwayne. Coming from you that means a lot.
74%
Far out.
65.5%
You're not nearly as stupid as you look.
65%
Quiz Playlist
Details
Report
Send in Message
Add To Playlist
Clickable:
Select answers by clicking on text or image buttons
Forced Order:
Answers have to be entered in order
Quiz Source
Last Updated: Feb 16, 2017
Curator Pick in
Follow That Line
Quiz Scoreboard
CHALLENGE
Sign Up to Join the Scoreboard
Show All
Scores
Hide
Comments
May contain spoilers
Recently Published
Find the 'City' Movie
by crazypaving
Movies
60s
5x2 Blitz: Bands
by SL_Kpop136
Music
30s
Colored Red Africa Blitz
by spor1
Geography
30s
More to Explore
Quiz From the Vault
Featured Blog Post
14 Easter Pick-up Lines to Find Eggs With
hide this ad
You Might Also Like...
Tags
Follow That Line Quiz
Movie Quotes Quiz
Quote Quiz
Beauty
dialogue
Little Miss
sunshine
Today's Top Quizzes in Movies
Browse Movies
hide this ad
Today's Top Quizzes in Movie Quotes
Browse Movie Quotes
Top Contributed Quizzes in Movies
1
Find The 'Big' Movie
2
Find The 'Blue' Movie
3
Find The 'Wild' Movie
4
Hidden Star Wars Character II
5
Pick 5 Posters: Directed by Spielberg
6
Hidden Star Wars Character III
7
Hidden Star Wars Character IV
8
Movies By Plot
9
Alfred Hitchcock Movies by Plot
10
Hidden Star Wars Character V
Explore More
Trending Topics
Disney
Harry Potter
NBA
Marvel
Crossword
Kpop
Anime
Soccer
Song
NFL
Country
The Office
WWE
Puzzle
Pokémon
hide this ad
More By:
purplekoala
Quiz
Plays
Rating
Category
Featured
Created
Overwatch 1 Heroes
216,456
4.54
Gaming
Mar 8, 2015
Movie by Cinema Sin
57,653
4.08
Movies
Oct 19, 2015
Same Name Slideshow III
51,449
4.38
Entertainment
Aug 3, 2015
Director by Words From Movie Titles
16,636
4.67
Movies
Dec 15, 2015
Missing Word: J. Cole Songs
16,121
3.59
Just For Fun
Apr 19, 2017
Go to Creator's Profile
Score Distribution
Quiz Creator Spotlight
purplekoala
Follow
Send a Message
Quizzes Created
-
Created Quiz Play Count
-
More By This Creator
Popular Quizzes Today
1
5x2 Blitz: Bands
2
Find the 'City' Movie
3
Colored Red Africa Blitz
4
Find the US States - No Outlines Minefield
5
The Countries of the World
6
Find the US States
7
9x9 Crossword: Cartoon Network
8
US States
More Movies Quizzes
'J' Movie Villains
Quiz Lab
Trending Quizzes
Colored Red Africa Blitz II
Colored Red Europe Blitz I
Christmas Pick: Judaism
Colored Red Africa Blitz III
Colored Red Europe Blitz II
Recently Updated
Champions League XIs: Real Madrid
pecheneg
Largest US Cities 1790-2010
pecheneg
Rides in Walt Disney World
pecheneg
Most Oscar Losses (Acting)
pecheneg
Beyoncé Albums
pecheneg
Leaping Animals
pecheneg
Reality TV Shows (A-Z)
bhenderson79
Rickey Henderson's Hall of Fame Teammates
pecheneg
Champions League XIs: Arsenal
pecheneg
Quick Pick: Celebrities in WWE's Hall of Fame
aduchscher
Trending Topics
Disney
Marvel
NBA
Harry Potter
Kpop
Anime
Crossword
Soccer
Puzzle
WWE
Country
NFL
Pokémon
The Office
Song
Your Account Isn't Verified!
In order to create a playlist on Sporcle, you need to verify the email address you used during registration. Go to your
Sporcle Settings
to finish the process.
Report this User
Report this user for behavior that violates our
Community Guidelines
.
Details:
Send Report
Go to the Sporcle.com Mobile Site →
Comments